El niño preescolar: actividades creadoras y materiales para juegos

Guardat en:
Dades bibliogràfiques
Autor principal: Stant, Margaret A (Autor)
Format: Llibre
Idioma:espanyol
Publicat: Buenos Aires Guadalupe 1974
Col·lecció:Biblioteca Pedagógica, 21
Matèries:
Etiquetes: Afegir etiqueta
Sense etiquetes, Sigues el primer a etiquetar aquest registre!

MARC

LEADER 00000nam a2200000 a 4500
001 UCW4633
003 CL-VaPUC
008 900607e19740000AG |||||||||||||||||spa|d
082 0 4 |a 372.21  |b STA  |2 21 
100 0 |a Stant, Margaret A  |e author  |9 309417 
245 1 3 |a El niño preescolar: actividades creadoras y materiales para juegos 
300 |a 191 p 
942 |c BK 
945 |d 19900607 00:00:00 
260 |a Buenos Aires  |b Guadalupe  |c 1974 
650 0 |a Educación preescolar  |9 260381 
650 0 |a Jardines infantiles  |9 307427 
650 0 |a Actividad creadora   |x Trabajos manuales   |9 309418 
583 |a last modification  |c 19900607 00:00:00  |k Rodrigo Vera 
490 0 |a Biblioteca Pedagógica, 21 
999 |c 218307  |d 218305 
952 |0 0  |1 0  |4 0  |6 372_210000000000000_STA_1974  |7 0  |8 P  |9 207627  |a BIBEDU  |b BIBEDU  |c BIBEDU_PB  |d 2019-11-15  |i 2754266  |o 372.21 STA 1974  |p 2754266  |r 2024-01-25  |w 2019-11-15  |y BK  |k EDU 
952 |0 0  |1 0  |4 0  |6 372_210000000000000_STA_1974  |7 0  |8 P  |9 207628  |a BIBEDU  |b BIBEDU  |c BIBEDU_PB  |d 2019-11-15  |i 2754274  |o 372.21 STA 1974  |p 2754274  |r 2024-01-25  |w 2019-11-15  |y BK  |k EDU 
952 |0 0  |1 0  |4 0  |6 372_210000000000000_STA_1974  |7 0  |8 P  |9 207629  |a BIBEDU  |b BIBEDU  |c BIBEDU_PB  |d 2019-11-15  |i 2754282  |o 372.21 STA 1974  |p 2754282  |r 2024-01-25  |w 2019-11-15  |y BK  |k EDU 
952 |0 0  |1 0  |4 0  |6 372_210000000000000_STA_1974  |7 0  |8 P  |9 207630  |a BIBEDU  |b BIBEDU  |c BIBEDU_PB  |d 2019-11-15  |i 2754290  |o 372.21 STA 1974  |p 2754290  |r 2024-01-25  |w 2019-11-15  |y BK  |k EDU